书目信息 |
| 题名: |
现代中学化学教学法
|
|
| 作者: | 张多霞 , 曾灼先 主编 | |
| 分册: | ||
| 出版信息: | 广州 广东高等教育出版社 1987.5 |
|
| 页数: | 358页 | |
| 开本: | 19cm | |
| 丛书名: | ||
| 单 册: | ||
| 中图分类: | G633.8 , G633.82 | |
| 科图分类: | ||
| 主题词: | 教学法-化学--中学 , 化学-教学法--中学 | |
| 电子资源: | ||
| ISBN: | 7-5361-0006-x | |
| 000 | 00848nam0 2200265 45 | |
| 001 | 0188006174 | |
| 005 | 20060720165416.73 | |
| 010 | @a7-5361-0006-x@dCNY2.20 | |
| 020 | @aCN@b88006174 | |
| 100 | @a19910411d1987 d y0chiy0120 ea | |
| 101 | 0 | @achi |
| 102 | @aCN@b440000 | |
| 105 | @ay z 000yy | |
| 200 | 10 | @a现代中学化学教学法@Axian dai zhong xue hua xue jiao xue fa@f张多霞,曾灼先主编@Fzhang duo xia , zeng zhuo xian zhu bian |
| 210 | @a广州@c广东高等教育出版社@d1987.5 | |
| 215 | @a358页@d19cm | |
| 540 | 1 | @a现代中学化学教学法@Axian dai zhong xue hua xue jiao xue fa |
| 606 | @a教学法-化学@x中学 | |
| 606 | @a化学-教学法@x中学 | |
| 690 | @aG633.8@v1980 | |
| 690 | @aG633.82@v3 | |
| 701 | 0 | @a张多霞@Azhang duo xia@4主编 |
| 701 | 0 | @a曾灼先@Azeng zhuo xian@4主编 |
| 801 | 0 | @aCN@bTSSF@c20060720 |
| 905 | @a10447@dG633.82@e181 | |
| 现代中学化学教学法/张多霞,曾灼先主编.-广州:广东高等教育出版社,1987.5 |
| 358页;19cm |
| ISBN 7-5361-0006-x:CNY2.20 |
| ● |
| 相关链接 |
|
|
|
|
正题名:现代中学化学教学法
索取号:G633.82/181
 
预约/预借
| 序号 | 登录号 | 条形码 | 馆藏地/架位号 | 状态 | 备注 |
| 1 | 0432200 | 204322009 | 密集书库/ [索取号:G633.82/181] | 在馆 |